01014nam a2200217Ia 4500003000400000005001700004008004100021020001900062040001700081100001700098245002800115260000900143260000900152942001200161999001500173952016800188952011300356952010100469952011300570952011300683OSt20240307114306.0170524s9999 xx 000 0 und d a978-1405314695 cIIMTU MEERUT aCooper-Carol 0aJohnson-s Mother & Baby bD.K. c2003 2ddcc02 c7279d7279 00102ddc4070a01b01d2017-05-31fDepartmentp01-B-77200r2017-05-31uhotel managementw2017-05-31y20zCentral Library to Hotel Management Departmental Library 00102ddc4070a01b01d2017-05-31l3p01-B-77201r2018-12-26s2018-10-27uhotel managementw2017-05-31y02 00102ddc4070a01b01d2017-05-31oRp01-B-77202r2017-05-31uhotel managementw2017-05-31y06 00102ddc4070a01b01d2017-05-31l1p01-B-77203r2018-02-21s2018-02-12uhotel managementw2017-05-31y02 00102ddc4070a01b01d2017-05-31l2p01-B-77204r2019-01-14s2018-11-02uhotel managementw2017-05-31y02